Essential Math For AI: (Record no. 612923)
[ view plain ]
| 000 -LEADER | |
|---|---|
| fixed length control field | 00416nam a22001337a 4500 |
| 020 ## - INTERNATIONAL STANDARD BOOK NUMBER | |
| International Standard Book Number | 9781098107635 |
| 040 ## - CATALOGING SOURCE | |
| Transcribing agency | NUST |
| 082 ## - DEWEY DECIMAL CLASSIFICATION NUMBER | |
| Classification number | 006.30151 |
| Author Mark | NEL |
| 100 ## - MAIN ENTRY--PERSONAL NAME | |
| Personal name | Nelson, Hala |
| 9 (RLIN) | 127909 |
| 245 ## - TITLE STATEMENT | |
| Title | Essential Math For AI: |
| Remainder of title | next-level mathematics for efficient and successful AI systems / |
| Statement of responsibility, etc. | Hala Nelson |
| 260 ## - PUBLICATION, DISTRIBUTION, ETC. | |
| Place of publication, distribution, etc. | Sebastopol : |
| Name of publisher, distributor, etc. | O Reilly Media , |
| Date of publication, distribution, etc. | 2023. |
| 300 ## - PHYSICAL DESCRIPTION | |
| Extent | 568p. ; |
| Other physical details | Paperback, |
| Dimensions | 24cm. |
| 942 ## - ADDED ENTRY ELEMENTS (KOHA) | |
| Source of classification or shelving scheme | |
| Koha item type | Book |
| Withdrawn status | Lost status | Source of classification or shelving scheme | Damaged status | Not for loan | Permanent Location | Current Location | Shelving location | Date acquired | Total Checkouts | Full call number | Barcode | Date last seen | Price effective from | Koha item type |
|---|---|---|---|---|---|---|---|---|---|---|---|---|---|---|
| School of Mechanical & Manufacturing Engineering (SMME) | School of Mechanical & Manufacturing Engineering (SMME) | General Stacks | 02/19/2025 | 006.30151 NEL | SMME-4638 | 02/19/2025 | 02/19/2025 | Book |
